| 000 | 00788 a2200289 4500 | ||
|---|---|---|---|
| 999 |
_c68557 _d18431 |
||
| 001 | 68557 | ||
| 003 | TR-AnTOB | ||
| 005 | 20230608133610.0 | ||
| 008 | 080313s1990 tr 00000 tur | ||
| 020 | _a9754400822 | ||
| 040 |
_aTR-AnTOB _cTR-AnTOB |
||
| 041 | _atur | ||
| 050 | 0 |
_aHD56 _b.M55 1990 |
|
| 090 | _aHD56 .M55 1990 | ||
| 245 | 0 |
_a25 Yıl _bMilli Prodüktivite Merkezi. |
|
| 264 | 1 |
_aAnkara;: _bMilli Prodüktivite Merkezi, _c1990. |
|
| 300 | _a183 s., res. | ||
| 336 |
_2rdacontent _atext _btxt |
||
| 337 |
_2rdamedia _aunmediated _bn |
||
| 338 |
_2rdacarrier _avolume _bnc |
||
| 490 | 0 |
_aMilli Prodüktivite Merkezi Yayınları ; _v434 |
|
| 650 | 0 |
_aEndüstriyel verimlilik _zTürkiye _919885 |
|
| 901 | _a0023219 | ||
| 902 | _aMÇ | ||
| 942 |
_cBK _2lcc |
||